Hospodaření s osobními ochrannými pracovními prostředky /

Uloženo v:
Podrobná bibliografie
Hlavní autor: Šilhová, Kamila
Médium: Kniha
Jazyk:čeština
Vydáno: Praha : Práce, 1985
Edice:Knižnice IBP ROH : Příruční knihovna ROH
Témata:
On-line přístup: Získat plný text
Tagy: Přidat tag
Žádné tagy, Buďte první, kdo vytvoří štítek k tomuto záznamu!

MARC

LEADER 00000nam a2200000 4500
003 SK-BrCVT
005 20220617150129.0
008 880101s1985 cs e ||||||cze d
035 |a CVTIDW0899590 
040 |b slo  |a CVTI SR 
041 0 |a cze 
044 |a cs 
080 |a 614.8-084  |2 UDC-MRF 
100 1 |a Šilhová, Kamila 
245 1 0 |a Hospodaření s osobními ochrannými pracovními prostředky /  |c Kamila Šilhová 
260 |a Praha :  |b Práce,  |c 1985 
300 |a 93 s. 
490 0 |a Knižnice IBP ROH : Příruční knihovna ROH 
653 1 |a ochranný prostriedok  |a hospodárenie 
692 |a sm MM 
760 1 |t Knižnice IBP ROH 
910 |b A458826 
974 |f Knihy 
992 |a APP 
999 |c 43223  |d 43223